000 00802nam a2200241Ia 4500
003 OSt
005 20221005112411.0
006 a|||||r|||| 00| 0
007 ta
008 221004b |||||||| |||| 00| 0 pan d
020 _a9789381316245 (hbk)
_c150
024 _a117621
037 _b562, 02/02/2012, H.K. Prakashan
_cTextual
040 _aCRL
_cCRL
_bpan
041 _2pan
_apan
082 _az44k, 153Q1
100 _aਅਮਰ ਕੋਮਲ
245 0 _aਮਹਾਨ ਲੋਕਾਂ ਦੇ ਮਹਾਨ ਵਿਚਾਰ
260 _aਸਮਾਣਾ਼
_bਸੰਗਮ ਪਬਲੀਕੇਨਗ਼ ਭਾਰਤ
_c2011
300 _a144ਪੰ
_ccm.
942 _hz44k, 153Q1
_cTEXL
_2cc
999 _c1024764
_d1024764